00908nam a22002297a 450000500170000000800410001701000150005802000260007302000230009903500130012203700150013504000180015008200110016810000190017924500920019826000400029027000630033030000270039350000660042050501600048665000320064620120806112954.0120806t xxu||||| |||| 00| 0 eng d aENG-105502 a9788180697296c850.00 a8180697290c850.00 aEN-89035 bDBAD / PUB adplbEnglish  a300.72 aTanner, R.E.S. aChance and probability :cby R.E.S. Tanner.bthe limitations of the social sciences /  aNew DelhibConcept Publishingc2011 aA/15-16, Commercial Block, Mohan GardenbNew Delhie110059 axvi, 342p. c23cm(Hb)  aIncludes bibliographical references (p. [309]-330) and index. apt. A. Social science and human behaviour -- pt. B. Chance affecting the nature and outcomes of research -- pt. C. Probability : professionalized guessing. aSocial sciences xResearch.